000 00491nam a2200181Ia 4500
005 20240821021032.0
008 240331s9999 xx 000 0 und d
020 _a0889367728
082 _bKIT
_a613.042
100 _aKitts, J. and Robert, H.J
245 4 _aThe health gap :
_bbeyond pregnancy and reproduction
260 _aCanada
_bInternational Development Research Center
_c1996
300 _aix, 235 p .,
650 _aGender
650 _aWomen
650 _aHealth
942 _cL
999 _c3005
_d3005